[Event "Lisbon Odisseias rapid op 1st"]
[Site "Lisbon"]
[Date "2015.08.13"]
[Round "1"]
[White "Martinez Duany, Lelys Stanley"]
[Black "Costa, Joao Luis Silva MY"]
[Result "1-0"]
[WhiteElo "2541"]
[BlackElo "1826"]
[PlyCount "98"]
[EventDate "2015.08.13"]
[EventType "swiss (rapid)"]
[EventRounds "7"]
[EventCountry "POR"]
[SourceTitle "EXT 2018"]
[Source "ChessBase"]
[SourceDate "2017.10.13"]
[SourceVersion "1"]
[SourceVersionDate "2017.10.13"]
[SourceQuality "1"]

1. d4 d5 2. c4 c6 3. Nc3 Nf6 4. Bf4 g6 5. e3 Bg7 6. Nf3 0-0 7. Be2 Bg4 8. 0-0 Nbd7 9. h3 Bxf3 10. Bxf3 dxc4 11. Qe2 Nb6 12. Bh2 Nfd7 13. Rfd1 e5 14. dxe5 Qe7 15. e6 Qxe6 16. Rd6 Qe7 17. Rad1 Ne5 18. Bxe5 Bxe5 19. R6d2 Rad8 20. g3 Bc7 21. Kg2 Rxd2 22. Rxd2 Rd8 23. Qd1 Rxd2 24. Qxd2 Be5 25. Ne2 Qd6 26. Qxd6 Bxd6 27. Nd4 Be5 28. Kf1 Kf8 29. Ke1 Ke7 30. Kd1 Kd6 31. Kc2 Bxd4 32. exd4 Nd5 33. a3 b5 34. b4 cxb3+ 35. Kxb3 a5 36. Bd1 a4+ 37. Kc2 Nb6 38. Be2 Nc4 39. Bxc4 bxc4 40. Kc3 Kd5 41. f3 c5 42. dxc5 Kxc5 43. f4 f5 44. g4 h5 45. gxf5 gxf5 46. h4 Kd5 47. Kb4 Kd4 48. Kxa4 c3 49. Kb5 c2 1-0

[Event "POR-ch prel"]
[Site "Lisbon"]
[Date "2013.07.21"]
[Round "9.20"]
[White "Fanha, Paulo Alexandre Mar"]
[Black "Costa, Joao Luis Silva MY"]
[Result "1/2-1/2"]
[WhiteElo "1936"]
[BlackElo "1691"]
[PlyCount "51"]
[EventDate "2013.07.15"]
[EventType "swiss"]
[EventRounds "9"]
[EventCountry "POR"]
[SourceTitle "EXT 2015"]
[Source "ChessBase"]
[SourceDate "2014.11.20"]
[SourceVersion "1"]
[SourceVersionDate "2014.11.20"]
[SourceQuality "1"]

1. e4 c5 2. c3 d5 3. e5 Nc6 4. d4 e6 5. Nf3 Nge7 6. Bd3 Qb6 7. 0-0 Bd7 8. Nbd2 cxd4 9. cxd4 Nxd4 10. Nxd4 Qxd4 11. Nf3 Qb6 12. Be3 Qd8 13. Rc1 Ng6 14. Qb3 Bc6 15. Bb5 Qd7 16. Bxc6 bxc6 17. Qa4 c5 18. Qxd7+ Kxd7 19. Bxc5 Bxc5 20. Rxc5 Rhc8 21. Rfc1 Rxc5 22. Rxc5 Rc8 23. Rxc8 Kxc8 24. Kf1 Kc7 25. b4 h6 26. g3 1/2-1/2

[Event "POR-ch prel"]
[Site "Lisbon"]
[Date "2013.07.19"]
[Round "6.25"]
[White "Costa, Joao Luis Silva MY"]
[Black "Fonte Santa, Jose Manuel Cardoso"]
[Result "1/2-1/2"]
[WhiteElo "1691"]
[BlackElo "1856"]
[PlyCount "65"]
[EventDate "2013.07.15"]
[EventType "swiss"]
[EventRounds "9"]
[EventCountry "POR"]
[SourceTitle "EXT 2015"]
[Source "ChessBase"]
[SourceDate "2014.11.20"]
[SourceVersion "1"]
[SourceVersionDate "2014.11.20"]
[SourceQuality "1"]

1. d4 Nf6 2. Nf3 e6 3. c4 b6 4. g3 Bb7 5. Bg2 Be7 6. 0-0 0-0 7. Nbd2 d5 8. Qc2 Nbd7 9. b3 c5 10. Bb2 Rc8 11. Qd1 Re8 12. Re1 a6 13. Ne5 cxd4 14. Bxd4 Qc7 15. Nxd7 Nxd7 16. Bb2 Bf6 17. Bxf6 Nxf6 18. Rc1 Qe7 19. e4 dxe4 20. Nxe4 Nxe4 21. Bxe4 Bxe4 22. Rxe4 Red8 23. Qe2 Qd6 24. h4 Qd2 25. Rc2 Qxe2 26. Rcxe2 Rd1+ 27. Kg2 Rcd8 28. Kf3 g6 29. Re1 R1d3+ 30. R4e3 Rd2 31. R1e2 Rd1 32. Re1 R1d2 33. R1e2 1/2-1/2

[Event "POR-ch U20"]
[Site "Braga"]
[Date "2013.??.??"]
[Round "7.7"]
[White "Costa, Joao Luis Silva MY"]
[Black "Gomes, Ricardo"]
[Result "1-0"]
[WhiteElo "1734"]
[BlackElo "1365"]
[PlyCount "65"]
[EventDate "2013.08.02"]
[EventType "swiss"]
[EventRounds "7"]
[EventCountry "POR"]
[SourceTitle "EXT 2015"]
[Source "ChessBase"]
[SourceDate "2014.11.20"]
[SourceVersion "1"]
[SourceVersionDate "2014.11.20"]
[SourceQuality "1"]

1. d4 Nf6 2. Nf3 g6 3. g3 Bg7 4. Bg2 d5 5. 0-0 0-0 6. c4 dxc4 7. Ne5 c6 8. Nxc4 Be6 9. Ne5 Bd5 10. Nc3 Bxg2 11. Kxg2 Qc8 12. e4 c5 13. dxc5 Qxc5 14. Nf3 Nc6 15. Be3 Qa5 16. Qb3 Qb4 17. Qxb4 Nxb4 18. Bc5 Nc6 19. Rad1 a6 20. Nd4 Nxd4 21. Rxd4 Rfe8 22. Rfd1 e6 23. h3 Bf8 24. Bxf8 Kxf8 25. e5 Ng8 26. Ne4 Kg7 27. Rd7 Re7 28. Rxe7 Nxe7 29. Rd7 Nc6 30. f4 Rd8 31. Rxb7 Rd4 32. Nd6 Nd8 33. Rd7 1-0

[Event "POR-ch prel"]
[Site "Matosinhos"]
[Date "2012.08.12"]
[Round "9.22"]
[White "Costa, Joao Luis Silva MY"]
[Black "Oliveira, Maria Elisa Ramos"]
[Result "1-0"]
[WhiteElo "1622"]
[BlackElo "1142"]
[PlyCount "59"]
[EventDate "2012.08.04"]
[EventType "swiss"]
[EventRounds "9"]
[EventCountry "POR"]
[SourceTitle "EXT 2015"]
[Source "ChessBase"]
[SourceDate "2014.11.20"]
[SourceVersion "1"]
[SourceVersionDate "2014.11.20"]
[SourceQuality "1"]

1. d4 Nf6 2. c4 e6 3. Nf3 b6 4. Bf4 Bb7 5. Nc3 Bb4 6. e3 0-0 7. Be2 d5 8. 0-0 Re8 9. Qc2 Nc6 10. Rfc1 Ne7 11. cxd5 exd5 12. Nb5 Bc6 13. Nxc7 Bd7 14. Nxa8 Qxa8 15. a3 Bf5 16. Bd3 Bxd3 17. Qxd3 Ba5 18. b4 Bxb4 19. axb4 Nc6 20. b5 Na5 21. Ne5 Qb8 22. Nc6 Qb7 23. Nxa5 bxa5 24. Rxa5 Rc8 25. Rxc8+ Qxc8 26. Ra1 Qb7 27. Rc1 Qb6 28. h3 Ne4 29. Rc8+ Qd8 30. Rxd8# 1-0

[Event "POR-ch U18"]
[Site "Torres Vedras"]
[Date "2012.03.26"]
[Round "2.5"]
[White "Costa, Joao Luis Silva MY"]
[Black "Margarido, Jose Miguel Teixeir"]
[Result "0-1"]
[WhiteElo "1608"]
[BlackElo "1852"]
[PlyCount "81"]
[EventDate "2012.03.25"]
[EventType "swiss"]
[EventRounds "7"]
[EventCountry "POR"]
[SourceTitle "EXT 2015"]
[Source "ChessBase"]
[SourceDate "2014.11.20"]
[SourceVersion "1"]
[SourceVersionDate "2014.11.20"]
[SourceQuality "1"]

1. d4 Nf6 2. c4 e6 3. Nc3 Bb4 4. Qc2 0-0 5. Bf4 d6 6. Nf3 Qe7 7. e3 Nbd7 8. Be2 b6 9. 0-0 Bxc3 10. Qxc3 Bb7 11. b4 Ne4 12. Qc2 f5 13. h3 g5 14. Bh2 Ndf6 15. Nd2 Nxd2 16. Qxd2 e5 17. dxe5 dxe5 18. Qc3 f4 19. exf4 exf4 20. Rfe1 Qf7 21. c5 Bd5 22. a3 Rfe8 23. Bf3 Bxf3 24. Qxf3 bxc5 25. bxc5 Nd5 26. Qg4 Qf6 27. h4 h6 28. Rad1 Nc3 29. Rc1 Re5 30. Rxe5 Qxe5 31. Kh1 Rd8 32. hxg5 Ne4 33. gxh6+ Kf8 34. Qf3 Rd2 35. Qxf4+ Qxf4 36. Bxf4 Rxf2 37. Bxc7 Rf6 38. Rb1 Rxh6+ 39. Kg1 Nxc5 40. Rd1 Ne6 41. Rf1+ 0-1